| Tag |
First Indicator |
Second Indicator |
Subfields |
| LEADER |
00000cam a2200000 a 4500 |
| 001 |
in00000009607 |
| 005 |
20211030063122.0 |
| 008 |
830309s1984 nyua b 00110 eng |
| 010 |
|
|
|a 83005386
|
| 020 |
|
|
|a 0023286202
|
| 035 |
|
|
|a (OCoLC)09394642
|
| 035 |
|
|
|9 AAA3979AM
|
| 040 |
|
|
|a DLC
|c DLC
|d m/c
|d TXA
|d UtOrBLW
|
| 049 |
|
|
|a TXAM
|c [A11461290]
|
| 050 |
0 |
0 |
|a TS183
|b .D4 1984
|
| 082 |
0 |
|
|a 671
|2 19
|
| 100 |
1 |
|
|a DeGarmo, E. Paul
|q (Ernest Paul),
|d 1907-2000.
|
| 245 |
1 |
0 |
|a Materials and processes in manufacturing /
|c E. Paul DeGarmo, J. Temple Black, Ronald A. Kohser.
|
| 250 |
|
|
|a 6th ed.
|
| 264 |
|
1 |
|a New York :
|b Macmillan Pub. Co.,
|c [1984]
|
| 264 |
|
4 |
|c ©1984
|
| 300 |
|
|
|a xi, 1038 pages :
|b illustrations ;
|c 25 cm.
|
| 336 |
|
|
|a text
|b txt
|2 rdacontent
|
| 337 |
|
|
|a unmediated
|b n
|2 rdamedia
|
| 338 |
|
|
|a volume
|b nc
|2 rdacarrier
|
| 504 |
|
|
|a "Selected references for additional study": pages 1015-1021.
|
| 500 |
|
|
|a Includes indexes.
|
| 650 |
|
0 |
|a Manufacturing processes.
|
| 650 |
|
0 |
|a Materials.
|
| 700 |
1 |
|
|a Black, J. Temple.
|
| 700 |
1 |
|
|a Kohser, Ronald A.
|
| 999 |
|
|
|a MARS
|
| 999 |
f |
f |
|s 611e5e5f-e11d-3613-8efb-cd29703179c8
|i 9de63874-b051-3d73-aa77-771799e92b69
|t 0
|
| 952 |
f |
f |
|p normal
|a Texas A&M University
|b College Station
|c Sterling C. Evans Library
|d Evans: Library Stacks
|t 0
|e TS183 .D4 1984
|h Library of Congress classification
|i unmediated -- volume
|m A14811461290
|
| 998 |
f |
f |
|a TS183 .D4 1984
|t 0
|l Evans: Library Stacks
|